000 00422nam a2200133 a 4500
001 ASIN0070394903
005 20141014220249.0
008 141014s2007 xxu eng d
100 1 _aBhatia, S. c.
245 1 0 _aText book of noise pollution its control /
_cS C Bhatia.
260 _a[New Delhi] :
_bAtlantic pub,
_c2007.
300 _a p.
856 4 0 _3Amazon.com
_uhttp://www.amazon.com/exec/obidos/ASIN/chopaconline-20
999 _c10952
_d10952